[Event "DVM U20 2018"]
[Site "Osnabrück GER"]
[Date "2018.12.28"]
[Round "4"]
[White "Waibel, Christian"]
[Black "Laskow, Vincent"]
[Result "0-1"]
[Termination "normal"]
[Board "6.5"]
[WhiteElo "1654"]
[BlackElo "1840"]
[WhiteTeam "SG Schwäbisch Gmünd"]
[BlackTeam "FVS ASP Hoyerswerda"]
[PlyCount "84"]
[WhiteFideId "16217497"]
[BlackFideId "12947652"]
[EventCountry "GER"]
[EventRounds "7"]
[EventType "team-swiss"]
[EventDate "2018.12.26"]

1. e4 c5 2. Nf3 d6 3. Bb5+ Bd7 4. Bxd7+ Nxd7 5. O-O Ngf6 6. Nc3 g6 7. d3 Bg7 8.
Bg5 O-O 9. Qd2 Re8 10. Rfe1 e6 11. d4 cxd4 12. Nxd4 a6 13. Rad1 Ne5 14. b3 Qc7
15. Na4 b5 16. Nb2 Rac8 17. f4 Nc6 18. c3 Nxd4 19. cxd4 d5 20. Bxf6 Bxf6 21. e5
Be7 22. Rc1 Qb6 23. b4 Kg7 24. a3 h5 25. Qe3 a5 26. Nd3 Rc4 27. Rb1 axb4 28.
Nxb4 Qxd4 29. Qxd4 Rxd4 30. Nc6 Rxf4 31. Nxe7 Rxe7 32. Rxb5 Ra7 33. Rb3 Rfa4
34. Ree3 g5 35. Rg3 Kg6 36. Rbf3 g4 37. h3 Re4 38. hxg4 hxg4 39. Re3 Raa4 40.
Rxe4 Rxe4 41. Kf2 Kf5 42. a4 Rxa4 0-1

[Event "DVM U20 2018"]
[Site "Osnabrück GER"]
[Date "2018.12.28"]
[Round "4"]
[White "Wierick, Dennis"]
[Black "Reindl, Jork"]
[Result "1/2-1/2"]
[Termination "normal"]
[Board "6.6"]
[WhiteElo "1455"]
[BlackElo "1654"]
[WhiteTeam "FVS ASP Hoyerswerda"]
[BlackTeam "SG Schwäbisch Gmünd"]
[PlyCount "75"]
[WhiteFideId "16274768"]
[BlackFideId "16200152"]
[EventCountry "GER"]
[EventRounds "7"]
[EventType "team-swiss"]
[EventDate "2018.12.26"]

1. d4 e6 2. Nf3 Nf6 3. e3 c5 4. Bd3 Nc6 5. c3 d5 6. Nbd2 a6 7. O-O Be7 8. e4
O-O 9. Re1 dxe4 10. Nxe4 Nxe4 11. Bxe4 f5 12. Bc2 cxd4 13. Nxd4 Nxd4 14. cxd4
Bf6 15. Be3 Qd6 16. Bb3 f4 17. Bd2 Qxd4 18. Bc3 Qxd1 19. Raxd1 Bxc3 20. bxc3
Kf7 21. Re4 g5 22. Rd6 Re8 23. g3 fxg3 24. hxg3 b5 25. Re5 Kf6 26. f4 gxf4 27.
gxf4 h5 28. Rxh5 Ke7 29. Rd3 Rg8+ 30. Kf2 Rf8 31. Ke3 Rf7 32. Rh6 a5 33. a4
bxa4 34. Bxa4 Rg7 35. Kf2 Rf7 36. Ke3 Ra7 37. Rh4 Rg7 38. Kf2 1/2-1/2

[Event "DVM U20 2018"]
[Site "Osnabrück GER"]
[Date "2018.12.28"]
[Round "4"]
[White "Browning, Alex"]
[Black "Thomsen, Phil"]
[Result "1-0"]
[Termination "normal"]
[Board "7.1"]
[WhiteElo "2052"]
[BlackElo "2134"]
[WhiteTeam "Märkischer Springer Halver-Schalksmühle"]
[BlackTeam "SGes Bensheim"]
[PlyCount "75"]
[WhiteFideId "12984019"]
[BlackFideId "12955736"]
[EventCountry "GER"]
[EventRounds "7"]
[EventType "team-swiss"]
[EventDate "2018.12.26"]

1. e4 c5 2. Nf3 Nc6 3. c3 Nf6 4. e5 Nd5 5. d4 cxd4 6. cxd4 d6 7. Bc4 Nb6 8. Bb3
d5 9. Nh4 e6 10. Nf3 Bd7 11. O-O Be7 12. Nc3 Rc8 13. Bc2 a6 14. Qd2 Nb4 15. Bb1
Na4 16. Nd1 Bb5 17. Re1 Qc7 18. Ne3 a5 19. a3 Nc6 20. b3 Nb6 21. Ra2 a4 22. b4
Nc4 23. Nxc4 Bxc4 24. Rc2 Qb6 25. Qf4 O-O 26. Qg4 g6 27. Bh6 Rfe8 28. Qf4 Rc7
29. Rd2 Nxb4 30. axb4 Qxb4 31. h4 a3 32. h5 Bd8 33. Rc1 b5 34. Qg4 a2 35. hxg6
Kh8 36. g7+ Kg8 37. Bxh7+ Kxh7 38. Bg5 1-0

[Event "DVM U20 2018"]
[Site "Osnabrück GER"]
[Date "2018.12.28"]
[Round "4"]
[White "Keller, Yannik"]
[Black "von Bargen, Lukas"]
[Result "1/2-1/2"]
[Termination "normal"]
[Board "7.2"]
[WhiteElo "1977"]
[BlackElo "1974"]
[WhiteTeam "SGes Bensheim"]
[BlackTeam "Märkischer Springer Halver-Schalksmühle"]
[PlyCount "104"]
[WhiteFideId "12970204"]
[BlackFideId "12946141"]
[EventCountry "GER"]
[EventRounds "7"]
[EventType "team-swiss"]
[EventDate "2018.12.26"]

1. e4 c5 2. c3 d5 3. exd5 Qxd5 4. d4 Nf6 5. Nf3 e6 6. Na3 Qd8 7. Nc2 Be7 8. Bf4
O-O 9. Bd3 b6 10. Qe2 Bb7 11. O-O Nc6 12. Rad1 cxd4 13. Ncxd4 Nxd4 14. Nxd4 Qd5
15. f3 Qh5 16. Rfe1 Nd5 17. Bg3 Bh4 18. Qf2 Bf6 19. Be4 Rac8 20. Nb5 Be7 21.
Nd6 Bxd6 22. Bxd6 Rfd8 23. Bg3 Ba6 24. Rd4 Nf6 25. Bb1 Rxd4 26. Qxd4 Qc5 27.
Rd1 Qxd4+ 28. Rxd4 Kf8 29. Bc2 Bb5 30. Kf2 Nd5 31. Be4 Bc6 32. c4 Nf6 33. Bxc6
Rxc6 34. Bd6+ Ke8 35. Ke3 Nd5+ 36. cxd5 Rxd6 37. Ke4 Ke7 38. h4 h6 39. g4 Kf6
40. f4 exd5+ 41. Rxd5 Rxd5 42. Kxd5 h5 43. g5+ Kf5 44. Kd6 Kxf4 45. Ke7 f5 46.
Kf7 Ke5 47. g6 f4 48. Kxg7 f3 49. Kh6 f2 50. g7 f1=Q 51. g8=Q Qd1 52. Qg5+ Ke6
1/2-1/2

[Event "DVM U20 2018"]
[Site "Osnabrück GER"]
[Date "2018.12.28"]
[Round "4"]
[White "Kroo, Julian"]
[Black "Kaiser, Frederic"]
[Result "1/2-1/2"]
[Termination "normal"]
[Board "7.3"]
[WhiteElo "1827"]
[BlackElo "1880"]
[WhiteTeam "Märkischer Springer Halver-Schalksmühle"]
[BlackTeam "SGes Bensheim"]
[PlyCount "83"]
[WhiteFideId "12989908"]
[BlackFideId "16240618"]
[EventCountry "GER"]
[EventRounds "7"]
[EventType "team-swiss"]
[EventDate "2018.12.26"]

1. d4 Nf6 2. Nf3 c5 3. d5 b5 4. Bg5 Qb6 5. Nc3 b4 6. Na4 Qa5 7. b3 d6 8. Bxf6
exf6 9. Nb2 f5 10. Nc4 Qc7 11. Qd3 Be7 12. e4 fxe4 13. Qxe4 O-O 14. Bd3 g6 15.
Qf4 Bb7 16. Ne3 Nd7 17. h4 Ne5 18. h5 Rae8 19. Bb5 Rb8 20. Ng5 Bxg5 21. Qxg5
Bc8 22. Be2 Qd8 23. Qxd8 Rxd8 24. f4 Nd7 25. Ng4 f5 26. Ne3 Nf6 27. hxg6 hxg6
28. Bf3 Re8 29. Kf2 Bb7 30. Rad1 Kg7 31. Nc4 Rbd8 32. Na5 Rd7 33. Nc6 Rc8 34.
Rde1 Nxd5 35. Bxd5 Bxc6 36. Be6 Rcc7 37. Bxd7 Rxd7 38. Re8 Be4 39. Rhh8 Bxc2
40. Rhg8+ Kf7 41. Rgf8+ Kg7 42. Rg8+ 1/2-1/2

[Event "DVM U20 2018"]
[Site "Osnabrück GER"]
[Date "2018.12.28"]
[Round "4"]
[White "Hennemann, Florian"]
[Black "Kölz, Niklas"]
[Result "1/2-1/2"]
[Termination "normal"]
[Board "7.4"]
[WhiteElo "1869"]
[BlackElo "1778"]
[WhiteTeam "SGes Bensheim"]
[BlackTeam "Märkischer Springer Halver-Schalksmühle"]
[PlyCount "63"]
[WhiteFideId "16272692"]
[BlackFideId "12971758"]
[EventCountry "GER"]
[EventRounds "7"]
[EventType "team-swiss"]
[EventDate "2018.12.26"]

1. e4 c5 2. Nf3 e6 3. d4 cxd4 4. Nxd4 a6 5. c4 Nf6 6. Bd3 Nc6 7. Be3 Qc7 8. O-O
Nb4 9. Nc3 Nxd3 10. Qxd3 b6 11. f3 Bb7 12. Rac1 Be7 13. Kh1 d6 14. b3 Nd7 15.
Qd2 h6 16. Nc2 Rd8 17. Bf4 Nf6 18. Bg3 Nh5 19. Bf2 Bc6 20. Nb4 Bg5 21. Be3 Bxe3
22. Qxe3 Qb7 23. Rfd1 O-O 24. Rd2 Rd7 25. Rcd1 Rfd8 26. Nd3 Qc7 27. Nf4 Nf6 28.
g3 Qb7 29. a3 Kh7 30. Kg2 Ne8 31. g4 g6 32. Kg3 1/2-1/2

[Event "DVM U20 2018"]
[Site "Osnabrück GER"]
[Date "2018.12.28"]
[Round "4"]
[White "Leonidas, Robert"]
[Black "Pitz, Sebastian"]
[Result "1-0"]
[Termination "normal"]
[Board "7.5"]
[WhiteElo "1362"]
[BlackElo "1500"]
[WhiteTeam "Märkischer Springer Halver-Schalksmühle"]
[BlackTeam "SGes Bensheim"]
[PlyCount "97"]
[WhiteFideId "16274776"]
[BlackFideId "16274806"]
[EventCountry "GER"]
[EventRounds "7"]
[EventType "team-swiss"]
[EventDate "2018.12.26"]

1. c4 Nf6 2. g3 g6 3. Bg2 Bg7 4. d4 d6 5. Nc3 O-O 6. e3 Re8 7. Nge2 Nbd7 8. b3
c5 9. Ba3 Qa5 10. Bb2 Rb8 11. O-O a6 12. a4 Qc7 13. Qd3 b6 14. Rfd1 Bb7 15. d5
Ne5 16. Qc2 Bc8 17. Nf4 Bg4 18. Re1 Nf3+ 19. Bxf3 Bxf3 20. h3 e5 21. dxe6 g5
22. exf7+ Kxf7 23. Nfd5 Qd7 24. Kh2 Ng4+ 25. Kg1 Nf6 26. Kh2 h5 27. Nxf6 Bxf6
28. Ne2 Rh8 29. Ng1 g4 30. Nxf3 gxf3 31. Bxf6 Kxf6 32. Qe4 Qf5 33. Qxf5+ Kxf5
34. Rad1 Rh6 35. Rd5+ Ke6 36. e4 Rf8 37. Re3 h4 38. g4 Kd7 39. Rf5 Rxf5 40.
exf5 Kc6 41. Rxf3 Rh8 42. f6 b5 43. a5 d5 44. cxd5+ Kxd5 45. f7 Rf8 46. g5 Ke4
47. Kg2 c4 48. bxc4 bxc4 49. g6 1-0

[Event "DVM U20 2018"]
[Site "Osnabrück GER"]
[Date "2018.12.28"]
[Round "4"]
[White "Simrock, Manuel"]
[Black "Laufer, Maximilian"]
[Result "1-0"]
[Termination "normal"]
[Board "7.6"]
[WhiteElo "1146"]
[BlackElo "1479"]
[WhiteTeam "SGes Bensheim"]
[BlackTeam "Märkischer Springer Halver-Schalksmühle"]
[PlyCount "65"]
[WhiteFideId "16274814"]
[BlackFideId "16274784"]
[EventCountry "GER"]
[EventRounds "7"]
[EventType "team-swiss"]
[EventDate "2018.12.26"]

1. d4 d5 2. c4 c6 3. Nf3 Nf6 4. Nc3 Bf5 5. cxd5 cxd5 6. Qb3 b6 7. Bg5 e6 8. Rc1
Be7 9. Nb5 O-O 10. Nc7 Qd7 11. Ne5 Qd6 12. Nxa8 Na6 13. e3 Rxa8 14. Bxa6 h6 15.
Bxf6 Bxf6 16. O-O Bxe5 17. dxe5 Qxe5 18. Qc3 Qd6 19. Bd3 Bxd3 20. Qxd3 e5 21.
Rfd1 Rd8 22. Rc2 Qf6 23. Rdc1 Qe6 24. Rc6 Qd7 25. Rc7 Qe6 26. R1c6 Qe8 27. h3
d4 28. exd4 exd4 29. Kf1 g6 30. h4 Qe5 31. Rxg6+ Kf8 32. Qa3+ Ke8 33. Rg8# 1-0

[Event "DVM U20 2018"]
[Site "Osnabrück GER"]
[Date "2018.12.28"]
[Round "4"]
[White "Grund, Sebastian"]
[Black "Wacker, Felix"]
[Result "0-1"]
[Termination "normal"]
[Board "8.1"]
[WhiteElo "2050"]
[BlackElo "1999"]
[WhiteTeam "MTV 1876 Saalfeld"]
[BlackTeam "SC 1997 Lambsheim"]
[PlyCount "48"]
[WhiteFideId "12988626"]
[BlackFideId "12953040"]
[EventCountry "GER"]
[EventRounds "7"]
[EventType "team-swiss"]
[EventDate "2018.12.26"]

1. d4 Nf6 2. Nf3 g6 3. c4 Bg7 4. g3 O-O 5. Bg2 c5 6. d5 d6 7. O-O e6 8. Nc3
exd5 9. cxd5 Re8 10. Nd2 a6 11. a4 Nbd7 12. Nc4 Ne5 13. Nxe5 Rxe5 14. Bf4 Re8
15. Qd2 Rb8 16. a5 b5 17. axb6 Rxb6 18. Ra2 Nh5 19. Bg5 f6 20. Be3 f5 21. Bg5
Qc7 22. Rc1 Rb4 23. Be3 Qf7 24. Ra4 Bxc3 0-1

[Event "DVM U20 2018"]
[Site "Osnabrück GER"]
[Date "2018.12.28"]
[Round "4"]
[White "Dalchow, Jonas"]
[Black "Grund, Melanie"]
[Result "1/2-1/2"]
[Termination "normal"]
[Board "8.4"]
[WhiteElo "1747"]
[BlackElo "1748"]
[WhiteTeam "SC 1997 Lambsheim"]
[BlackTeam "MTV 1876 Saalfeld"]
[PlyCount "66"]
[WhiteFideId "12971251"]
[BlackFideId "12988804"]
[EventCountry "GER"]
[EventRounds "7"]
[EventType "team-swiss"]
[EventDate "2018.12.26"]

1. e4 c5 2. Nf3 Nc6 3. d4 cxd4 4. Nxd4 g6 5. c4 Bg7 6. Be3 Nf6 7. Nc3 O-O 8.
Be2 d6 9. O-O Bd7 10. Qd2 Rc8 11. Rab1 a5 12. b3 Nxd4 13. Bxd4 Bc6 14. f3 e6
15. Rfd1 Qc7 16. Bf1 Rfd8 17. Be3 d5 18. cxd5 exd5 19. exd5 Nxd5 20. Nxd5 Rxd5
21. Qf2 Rxd1 22. Rxd1 Re8 23. a4 Qe5 24. Re1 Qb2 25. Qxb2 Bxb2 26. Re2 Bc3 27.
Bb6 Rxe2 28. Bxe2 Bd5 29. Bc4 Bxc4 30. bxc4 Bb4 31. Kf2 Kf8 32. Ke3 Ke7 33. h3
f6 1/2-1/2

[Event "DVM U20 2018"]
[Site "Osnabrück GER"]
[Date "2018.12.28"]
[Round "4"]
[White "Lorenz, Anouk"]
[Black "Saive, Philipp"]
[Result "0-1"]
[Termination "normal"]
[Board "8.5"]
[WhiteElo "1413"]
[BlackElo "1715"]
[WhiteTeam "MTV 1876 Saalfeld"]
[BlackTeam "SC 1997 Lambsheim"]
[PlyCount "90"]
[WhiteFideId "12990256"]
[BlackFideId "16274792"]
[EventCountry "GER"]
[EventRounds "7"]
[EventType "team-swiss"]
[EventDate "2018.12.26"]

1. e4 d5 2. exd5 Nf6 3. d4 Bg4 4. Nf3 Nxd5 5. c4 Nf6 6. Be3 Nc6 7. Be2 e6 8. a3
a5 9. Nc3 Bd6 10. Nb5 O-O 11. O-O Re8 12. Bg5 Be7 13. Be3 Bf8 14. Qc2 Ne7 15.
Rad1 c6 16. Nc3 Nf5 17. h3 Nxe3 18. fxe3 Bh5 19. Ng5 Bg6 20. Bd3 Bxd3 21. Qxd3
g6 22. Qe2 h6 23. Nge4 Nxe4 24. Nxe4 f5 25. Nc3 Bg7 26. Qf2 Qg5 27. Ne2 Rad8
28. h4 Qg4 29. Nf4 e5 30. Ne2 exd4 31. Nxd4 c5 32. Nf3 Qxc4 33. Rc1 Qb3 34.
Rxc5 Bxb2 35. Rc2 Bxa3 36. Re1 Bb4 37. Rec1 Qxe3 38. Qxe3 Rxe3 39. Rc7 b6 40.
R7c6 Bc5 41. Rxg6+ Kh7 42. Rf6 Re1+ 43. Kh2 Rxc1 44. Rxf5 Rg8 45. Rf7+ Rg7 0-1

[Event "DVM U20 2018"]
[Site "Osnabrück GER"]
[Date "2018.12.28"]
[Round "4"]
[White "Dalchow, Mario"]
[Black "Lorenz, Keana"]
[Result "1-0"]
[Termination "normal"]
[Board "8.6"]
[WhiteElo "1621"]
[BlackElo "1459"]
[WhiteTeam "SC 1997 Lambsheim"]
[BlackTeam "MTV 1876 Saalfeld"]
[PlyCount "91"]
[WhiteFideId "12971421"]
[BlackFideId "12990248"]
[EventCountry "GER"]
[EventRounds "7"]
[EventType "team-swiss"]
[EventDate "2018.12.26"]

1. e4 c5 2. Nf3 Nc6 3. d4 cxd4 4. Nxd4 g6 5. c4 Bg7 6. Be3 Nf6 7. Nc3 O-O 8.
Be2 e6 9. O-O d5 10. f3 dxe4 11. Nxc6 bxc6 12. fxe4 Qc7 13. Qc2 Bb7 14. Bf3 c5
15. Rad1 a6 16. Rd2 Nd7 17. Rfd1 Ne5 18. Na4 Nxf3+ 19. gxf3 f5 20. Nxc5 Bc8 21.
Kg2 Be5 22. Kg1 Qe7 23. f4 Bxf4 24. Bxf4 Qxc5+ 25. Rd4 e5 26. b4 Qe7 27. exf5
Bxf5 28. Qe2 Rfe8 29. Re1 exd4 30. Qxe7 Rxe7 31. Rxe7 d3 32. Bd2 Rc8 33. c5 Rc6
34. Kf2 h5 35. a4 Kf8 36. Re5 Kf7 37. Ke3 Kf6 38. Kd4 g5 39. b5 axb5 40. axb5
Rc8 41. b6 Rd8+ 42. Rd5 Rb8 43. Rd6+ Ke7 44. Bxg5+ Ke8 45. Rd5 Bg6 46. h4 1-0